[Event "Memorial J.Donner"]
[Site "Memorial J.Donner"]
[Date "1994.??.??"]
[Round "3"]
[White "Van der Sterren, Paul"]
[Black "Sokolov, Ivan"]
[Result "1/2-1/2"]
[WhiteElo "2605"]
[BlackElo "2650"]
[PlyCount "156"]
[EventDate "1994.??.??"]
[Source "www.chesslib.no"]
[SourceDate "2004.05.04"]

1. d4 Nf6 2. c4 e6 3. Nf3 b6 4. g3 Bb7 5. Bg2 Bb4+ 6. Bd2 Be7 7. Nc3 O-O 8. O-O Na6 9. e3 d5 10. Qe2 c5 11. Rfd1 Nc7 12. Ne5 Bd6 13. Be1 Qe7 14. f4 Rfd8 15. g4 Nfe8 16. g5 f6 17. gxf6 Nxf6 18. Bh4 Qf8 19. Bf3 Nce8 20. cxd5 exd5 21. Qg2 cxd4 22. exd4 Bb4 23. Rac1 Nc7 24. Ne2 Nce8 25. Ng3 Rac8 26. Qh3 Nd6 27. Nh5 Nxh5 28. Bxh5 Rxc1 29. Qe6+ Kh8 30. Rxc1 Qxf4 31. Bxd8 Qxc1+ 32. Kg2 Qd2+ 33. Kh1 Qc1+ 34. Kg2 Qxb2+ 35. Kg3 Ne4+ 36. Kh3 Qc3+ 37. Kg2 Qc2+ 38. Kh1 Qb1+ 39. Kg2 Qc2+ 40. Kh1 Qc1+ 41. Kg2 Qd2+ 42. Kh3 Qe3+ 43. Bf3 Qh6+ 44. Qxh6 gxh6 45. Bh5 Kg7 46. Kg2 Bc3 47. Nf3 Nf6 48. Bxf6+ Kxf6 49. Kf2 Bc8 50. Ke3 Bb2 51. Ne5 Bc1+ 52. Kf2 Bf4 53. Nc6 a5 54. Bf3 Bxh2 55. Bxd5 Bd6 56. Be4 Bf5 57. Bxf5 Kxf5 58. Kf3 h5 59. Na7 h4 60. Nb5 Ke6 61. Kg4 Be7 62. Kf4 Kd5 63. a3 Bxa3 64. Nxa3 Kxd4 65. Nb5+ Kc5 66. Nc7 b5 67. Ne6+ Kd5 68. Nc7+ Kc6 69. Ne6 b4 70. Ng5 h6 71. Nf3 Kd5 72. Ke3 h3 73. Kd3 h5 74. Ke3 Kc5 75. Kd3 Kb5 76. Ke3 h4 77. Kf2 Kc5 78. Ne5 Kb5 1/2-1/2

[Event "Julian Borowski-A"]
[Site "Essen"]
[Date "2000.05.06"]
[Round "9"]
[White "Huebner, Robert"]
[Black "Bischoff, Klaus"]
[Result "0-1"]
[WhiteElo "2620"]
[BlackElo "2544"]
[PlyCount "70"]
[EventDate "2000.04.27"]
[Source "ChessBase"]
[SourceDate "2000.07.27"]

1. d4 Nf6 2. c4 e6 3. Nf3 b6 4. g3 Bb7 5. Bg2 Bb4+ 6. Bd2 Be7 7. Nc3 c6 8. O-O O-O 9. Rc1 d5 10. Ne5 Nfd7 11. f4 Nxe5 12. fxe5 Na6 13. cxd5 cxd5 14. Bf4 Nc7 15. Qd2 Qd7 16. Bg5 Bxg5 17. Qxg5 Rac8 18. Qd2 Nb5 19. Rf4 Nxc3 20. bxc3 Qe7 21. Rcf1 Rc7 22. R1f3 Bc6 23. h4 Rfc8 24. Bh3 Be8 25. Qb2 b5 26. Qb4 Qxb4 27. cxb4 h6 28. Ra3 Rc1+ 29. Kf2 R8c7 30. Ra6 R1c6 31. Ra5 Rc4 32. a3 Bd7 33. e3 Rc2+ 34. Kf3 Rc1 35. Kg4 f5+ 0-1

[Event "Novgorod (open)"]
[Site "?"]
[Date "1995.??.??"]
[Round "?"]
[White "Vyzmanavin, A."]
[Black "Brodsky, M."]
[Result "1/2-1/2"]
[WhiteElo "2605"]
[BlackElo "2535"]
[PlyCount "98"]
[EventDate "1995.??.??"]
[Source "ChessBase"]
[SourceDate "1995.06.01"]

1. d4 Nf6 2. c4 e6 3. Nf3 b6 4. g3 Bb7 5. Bg2 Bb4+ 6. Bd2 Be7 7. Nc3 c6 8. e4 d5 9. cxd5 cxd5 10. e5 Ne4 11. O-O O-O 12. Re1 Nxd2 13. Qxd2 Ba6 14. h4 Nc6 15. Ng5 Rc8 16. Kh2 h6 17. Nh3 Na5 18. f4 Bb4 19. Rac1 Rc7 20. f5 exf5 21. Nf4 Bb7 22. Qd3 Qc8 23. e6 Bxc3 24. bxc3 fxe6 25. Nxe6 Nc4 26. Nxf8 Qxf8 27. Re6 Nd6 28. Rf1 Rf7 29. Re5 Ne4 30. Qe3 Bc6 31. Bxe4 dxe4 32. c4 Bd7 33. c5 Rf6 34. Rf2 Kh8 35. Rd5 Qf7 36. Re5 bxc5 37. Rxc5 Be6 38. Qf4 Qd7 39. Qe5 Qa4 40. d5 Bd7 41. Rc7 f4 42. gxf4 Rg6 43. Rcc2 Rg4 44. Rg2 Rxh4+ 45. Kg1 Rg4 46. Rcd2 Qa3 47. Rxg4 Qe3+ 48. Kh2 Bxg4 49. Rg2 Qh3+ 1/2-1/2

[Event "Buenos Aires ol (Men)"]
[Site "Buenos Aires ARG"]
[Date "1978.??.??"]
[Round "11"]
[White "Gheorghiu, Florin"]
[Black "Ljubojevic, Ljubomir"]
[Result "1/2-1/2"]
[WhiteElo "2520"]
[BlackElo "2605"]
[PlyCount "27"]
[EventDate "1978.10.25"]
[Source "www.chesslib.no"]
[SourceDate "2004.05.04"]

1. d4 Nf6 2. c4 e6 3. Nf3 b6 4. g3 Bb7 5. Bg2 Bb4+ 6. Bd2 Be7 7. Nc3 O-O 8. O-O d5 9. cxd5 exd5 10. Ne5 c5 11. Bg5 Ne4 12. Bxe7 Qxe7 13. Rc1 Rd8 14. e3 1/2-1/2

[Event "Christmas Open"]
[Site "?"]
[Date "2003.12.21"]
[Round "9"]
[White "Blagojevic Dragisa"]
[Black "Delchev Aleksander"]
[Result "1/2-1/2"]
[WhiteElo "2521"]
[BlackElo "2603"]
[PlyCount "21"]
[EventDate "2003.??.??"]
[Source "www.chesslib.no"]
[SourceDate "2004.05.04"]

1. d4 Nf6 2. c4 e6 3. Nf3 b6 4. g3 Bb7 5. Bg2 Bb4+ 6. Bd2 Be7 7. Nc3 O-O 8. O-O Na6 9. Bf4 Ne4 10. Nxe4 Bxe4 11. Ne5 1/2-1/2

[Event "RUS-Cup2"]
[Site "Moscow"]
[Date "1996.??.??"]
[Round "9"]
[White "Vasiukov, Evgeni"]
[Black "Shchekachev, Andrei"]
[Result "1-0"]
[WhiteElo "2505"]
[BlackElo "2560"]
[PlyCount "75"]
[EventDate "1996.11.28"]
[Source "www.chesslib.no"]
[SourceDate "2004.05.04"]

1. d4 Nf6 2. c4 e6 3. Nf3 b6 4. g3 Bb7 5. Bg2 Bb4+ 6. Bd2 Be7 7. Nc3 Na6 8. Qa4 c5 9. d5 exd5 10. cxd5 Nb4 11. e4 b5 12. Nxb5 Nxe4 13. O-O O-O 14. a3 a6 15. axb4 axb5 16. Qxb5 Bxd5 17. Be3 Rb8 18. Qd3 Nf6 19. bxc5 Rxb2 20. Bd4 Rb3 21. Qd1 Qb8 22. Re1 Bd8 23. Bxf6 Bxf3 24. Bxf3 Bxf6 25. Ra8 Qxa8 26. Bxa8 Rc3 27. Qxd7 Rxc5 28. Re8 Re5 29. Rxe5 Bxe5 30. Bd5 Bf6 31. Kg2 g6 32. f4 Kg7 33. Kf3 Ba1 34. g4 h6 35. h4 Bb2 36. g5 hxg5 37. hxg5 Ba1 38. Kg4 1-0

[Event "Vestmannaeyjum"]
[Site "Vestmannaeyjum"]
[Date "1985.??.??"]
[Round "4"]
[White "Hjartarson, Johann"]
[Black "Short, Nigel D"]
[Result "1/2-1/2"]
[WhiteElo "2530"]
[BlackElo "2535"]
[PlyCount "123"]
[EventDate "1985.??.??"]
[Source "ChessBase"]

1. d4 Nf6 2. c4 e6 3. Nf3 b6 4. g3 Bb7 5. Bg2 Bb4+ 6. Bd2 Be7 7. O-O O-O 8. Nc3 Na6 9. Rc1 c5 10. d5 exd5 11. Nh4 g6 12. cxd5 d6 13. e4 Nd7 14. Nf3 Re8 15. Bf4 Bf8 16. Re1 f6 17. Bf1 Nc7 18. a3 Ne5 19. b4 Bc8 20. bxc5 bxc5 21. Nxe5 fxe5 22. Be3 Rb8 23. Rb1 Bd7 24. Qc2 Qf6 25. Rb3 Rec8 26. Reb1 Rxb3 27. Rxb3 Qd8 28. Rb7 Ra8 29. Qb3 Bc8 30. Rb8 Qd7 31. h4 Kg7 32. Bg5 h6 33. Bd2 Be7 34. Qb1 a6 35. Rb3 Ne8 36. Qc1 h5 37. Qb1 Ra7 38. Nd1 Rb7 39. Rxb7 Bxb7 40. Ne3 Nf6 41. Nc4 Bc8 42. f3 Bd8 43. Qb8 Bc7 44. Qa7 Ne8 45. Nb6 Bxb6 46. Qxb6 Qc7 47. Qb3 Kf8 48. Qe3 Nf6 49. Qh6+ Qg7 50. Qg5 Qf7 51. Ba5 Kg7 52. Bd2 Kf8 53. Qh6+ Kg8 54. Be2 Qe8 55. Bc1 Kf7 56. Kg2 Qd7 57. Bg5 Qh3+ 58. Kf2 Qh2+ 59. Ke3 Qg1+ 60. Kd2 Qd4+ 61. Ke1 Qg1+ 62. Kd2 1/2-1/2

[Event "Geneve op"]
[Site "Geneve"]
[Date "1995.??.??"]
[Round "7"]
[White "Razuvaev, Yuri S"]
[Black "Markowski, Tomasz"]
[Result "1-0"]
[WhiteElo "2580"]
[BlackElo "2470"]
[PlyCount "70"]
[EventDate "1995.??.??"]
[Source "ChessBase"]

1. d4 Nf6 2. c4 e6 3. Nf3 b6 4. g3 Bb7 5. Bg2 Bb4+ 6. Bd2 Be7 7. Nc3 c6 8. O-O O-O 9. Bf4 d5 10. Rc1 Ba6 11. Ne5 Nfd7 12. cxd5 cxd5 13. Nxf7 Rxf7 14. Nxd5 exd5 15. Bxd5 Nf6 16. Bxa8 Bf8 17. Bf3 Bb7 18. Bxb7 Rxb7 19. Qb3+ Qd5 20. Rc8 Qxb3 21. axb3 Nbd7 22. Rfc1 Kf7 23. f3 Nd5 24. Bd2 Bd6 25. e4 Ne7 26. R8c2 a5 27. Kf2 h6 28. f4 Bb8 29. Kf3 Nf6 30. e5 Nfd5 31. Ke4 Ra7 32. Ra1 Ke6 33. g4 Kf7 34. f5 Ke8 35. h4 Nc7 1-0

[Event "JUG Team Ch"]
[Site "Igalo"]
[Date "1994.??.??"]
[Round "4"]
[White "Skembris, Spyridon"]
[Black "Poluljahov, Aleksandr"]
[Result "1/2-1/2"]
[WhiteElo "2525"]
[BlackElo "2510"]
[PlyCount "47"]
[EventDate "1994.??.??"]
[Source "www.chesslib.no"]
[SourceDate "2004.05.04"]

1. d4 Nf6 2. c4 e6 3. Nf3 b6 4. g3 Bb7 5. Bg2 Bb4+ 6. Bd2 Be7 7. Nc3 O-O 8. O-O Na6 9. Bf4 d5 10. Ne5 Qc8 11. cxd5 exd5 12. Rc1 Rd8 13. Bg5 h6 14. Bxf6 Bxf6 15. f4 c5 16. e3 Qe6 17. Qh5 Qe7 18. Rcd1 Nc7 19. Ng4 Rab8 20. Qf5 Rd6 21. dxc5 bxc5 22. Rfe1 Bxc3 23. bxc3 Bc8 24. Qh5 1/2-1/2

[Event "JUG Cup"]
[Site "Ulcinj"]
[Date "1997.??.??"]
[Round "?"]
[White "Gyimesi, Zoltan"]
[Black "Shchekachev, Andrei"]
[Result "1/2-1/2"]
[WhiteElo "2500"]
[BlackElo "2520"]
[PlyCount "75"]
[EventDate "1997.??.??"]
[Source "www.chesslib.no"]
[SourceDate "2004.05.04"]

1. d4 Nf6 2. c4 e6 3. Nf3 b6 4. g3 Bb7 5. Bg2 Bb4+ 6. Bd2 Be7 7. Nc3 Na6 8. O-O O-O 9. d5 exd5 10. Nd4 c6 11. cxd5 Nxd5 12. Nxd5 cxd5 13. Bc3 Bf6 14. Nb5 Bc6 15. a4 Nc5 16. Bxd5 Ne4 17. Bxe4 Bxe4 18. Bxf6 Qxf6 19. Qd4 Qxd4 20. Nxd4 Rfc8 21. Rfc1 Kf8 22. f3 Bd5 23. Kf2 Be6 24. a5 Rxc1 25. Rxc1 bxa5 26. Ra1 Rb8 27. Rxa5 Rxb2 28. Rxa7 f6 29. h4 Rb8 30. g4 h6 31. Kg3 Rc8 32. Kf4 Rc5 33. e3 Re5 34. h5 Rc5 35. Ne2 f5 36. g5 hxg5+ 37. Kxg5 f4+ 38. Kxf4 1/2-1/2

[Event "Las Vegas USA"]
[Site "?"]
[Date "2006.06.13"]
[Round "8"]
[White "Antic Dejan"]
[Black "Perelshteyn Eugene"]
[Result "1-0"]
[WhiteElo "2491"]
[BlackElo "2526"]
[PlyCount "147"]
[EventDate "2006.??.??"]
[Source "www.chesslib.no"]
[SourceDate "2004.05.04"]

1. d4 Nf6 2. c4 e6 3. Nf3 b6 4. g3 Bb7 5. Bg2 Bb4+ 6. Bd2 Be7 7. Nc3 c6 8. O-O O-O 9. Rc1 d5 10. cxd5 cxd5 11. Ne5 Nfd7 12. Nxd7 Qxd7 13. Bf4 Rd8 14. h4 Nc6 15. Qa4 a6 16. Rfd1 b5 17. Qc2 Rac8 18. Qd2 Na7 19. a3 a5 20. Na2 Nc6 21. b4 Ra8 22. Qb2 axb4 23. Nxb4 Na5 24. Rc7 Qe8 25. Qc2 Rdc8 26. Rc1 Rxc7 27. Qxc7 Bd8 28. Qc3 Nc4 29. Ra1 Be7 30. Bc1 Ra4 31. Rb1 Qf8 32. e3 Qa8 33. Rb3 Bd6 34. Bf1 Bc8 35. Bd3 Bd7 36. Nc2 Ra7 37. Qe1 f5 38. Qe2 Be8 39. Qd1 Qd8 40. Bf1 Qe7 41. Bd2 g5 42. hxg5 Qxg5 43. Bb4 Bb8 44. Ne1 Rg7 45. Nf3 Qg4 46. Bg2 Bc7 47. Qe1 h5 48. Rc3 Bd8 49. Ne5 Nxe5 50. dxe5 Bd7 51. Qc1 Kh7 52. Rc8 Bxc8 53. Qxc8 Qg5 54. Qxe6 h4 55. Qxd5 hxg3 56. f4 Qh5 57. Qxd8 Rg8 58. Qd7+ Rg7 59. Qd3 Rc7 60. Bc3 Qh2+ 61. Kf1 Qh5 62. Ke1 Qf7 63. Bh3 Kg6 64. Qd6+ Kh5 65. e6 Qe7 66. Qxe7 Rxe7 67. Bxf5 Rc7 68. Bd2 Kh6 69. Kf1 Kg7 70. Kg2 Kf6 71. Be4 Kxe6 72. Kxg3 Rg7+ 73. Kf3 Ra7 74. Bb4 1-0

[Event "CUB-ch"]
[Site "Matanzas"]
[Date "1997.??.??"]
[Round "1"]
[White "Rivera, Alberto"]
[Black "Rodriguez Cespedes, Amador"]
[Result "1/2-1/2"]
[WhiteElo "2440"]
[BlackElo "2555"]
[PlyCount "30"]
[EventDate "1997.03.15"]
[Source "ChessBase"]

1. d4 Nf6 2. c4 e6 3. Nf3 b6 4. g3 Bb7 5. Bg2 Bb4+ 6. Bd2 Be7 7. Nc3 O-O 8. O-O Na6 9. Bf4 d6 10. a3 c5 11. d5 Nc7 12. e4 e5 13. Bd2 a5 14. Re1 Nd7 15. Rb1 Ba6 1/2-1/2

[Event "URS-FL"]
[Site "Tallinn"]
[Date "1983.??.??"]
[Round "?"]
[White "Dorfman, Josif D"]
[Black "Podgaets, Mikhail"]
[Result "1/2-1/2"]
[WhiteElo "2545"]
[BlackElo "2450"]
[PlyCount "59"]
[EventDate "1983.12.??"]
[Source "ChessBase"]

1. d4 Nf6 2. c4 e6 3. Nf3 b6 4. g3 Bb7 5. Bg2 Bb4+ 6. Bd2 Be7 7. Nc3 O-O 8. O-O Na6 9. Ne5 Bxg2 10. Kxg2 Qb8 11. e4 Qb7 12. Qf3 Nb4 13. Rac1 d6 14. Nd3 Nxd3 15. Qxd3 c6 16. d5 cxd5 17. cxd5 Rfc8 18. dxe6 fxe6 19. f3 a6 20. Ne2 d5 21. exd5 Qxd5 22. Qxd5 Nxd5 23. Nf4 Nxf4+ 24. Bxf4 Bf6 25. b3 Bd4 26. Rxc8+ Rxc8 27. Rc1 Rxc1 28. Bxc1 Kf7 29. Kf1 e5 30. Ke2 1/2-1/2

[Event "GRE Ch"]
[Site "Karditsa"]
[Date "1995.??.??"]
[Round "?"]
[White "Grivas, Efstratios"]
[Black "Skembris, Spyridon"]
[Result "1/2-1/2"]
[WhiteElo "2460"]
[BlackElo "2525"]
[PlyCount "36"]
[EventDate "1995.??.??"]
[Source "www.chesslib.no"]
[SourceDate "2004.05.04"]

1. d4 Nf6 2. c4 e6 3. Nf3 b6 4. g3 Bb7 5. Bg2 Bb4+ 6. Bd2 Be7 7. Nc3 O-O 8. O-O d5 9. Ne5 Nbd7 10. Nxd7 Qxd7 11. cxd5 exd5 12. Bg5 Rfe8 13. Bxf6 Bxf6 14. Rc1 Rad8 15. b4 c6 16. e3 g6 17. Qb3 h5 18. Rfd1 h4 1/2-1/2

[Event "Doha Open"]
[Site "Doha QAT"]
[Date "1992.??.??"]
[Round "7"]
[White "Kuzmin, Alexey"]
[Black "Lodhi, Mahmood"]
[Result "1-0"]
[WhiteElo "2545"]
[BlackElo "2425"]
[PlyCount "45"]
[EventDate "1992.??.??"]
[Source "www.chesslib.no"]
[SourceDate "2004.05.04"]

1. d4 Nf6 2. c4 e6 3. Nf3 b6 4. g3 Bb7 5. Bg2 Bb4+ 6. Bd2 Be7 7. Nc3 O-O 8. O-O Ne4 9. d5 Nxd2 10. Qxd2 Na6 11. Nd4 Qc8 12. f4 g6 13. e4 Nc5 14. e5 a5 15. f5 exf5 16. Rxf5 d6 17. Bh3 Qd8 18. Qh6 f6 19. e6 Qe8 20. Rf4 Bd8 21. Nf5 gxf5 22. Bxf5 Qe7 23. Bxh7+ 1-0

[Event "Baden-Baden"]
[Site "Baden-Baden"]
[Date "1981.??.??"]
[Round "?"]
[White "Gheorghiu, Florin"]
[Black "Kestler, Hans Guenther"]
[Result "1-0"]
[WhiteElo "2560"]
[BlackElo "2405"]
[PlyCount "79"]
[EventDate "1981.07.??"]
[Source "ChessBase"]

1. d4 Nf6 2. c4 e6 3. Nf3 b6 4. g3 Bb7 5. Bg2 Bb4+ 6. Bd2 Be7 7. Nc3 O-O 8. O-O d5 9. cxd5 exd5 10. Ne5 Na6 11. Bg5 c5 12. dxc5 Nxc5 13. Nb5 Ne6 14. Be3 Qb8 15. Nf3 Ng4 16. Bd4 Nxd4 17. Nfxd4 a6 18. Nc3 Qe5 19. e3 Nf6 20. Qb3 b5 21. Rfd1 Rfd8 22. Rac1 Rac8 23. Nce2 Rc4 24. Qd3 Rdc8 25. Qb1 Ne4 26. b3 R4c7 27. Rxc7 Rxc7 28. Rc1 g6 29. Rc2 Bb4 30. Nf4 Ba5 31. Rxc7 Qxc7 32. Nxd5 Bxd5 33. Bxe4 Qb7 34. Bxd5 Qxd5 35. Qc2 Qd8 36. Nc6 Qc7 37. Qc5 Bb4 38. Qd5 Bc3 39. Kg2 Bf6 40. e4 1-0

[Event "It (Open) Bad Woerishofen GER"]
[Site "?"]
[Date "2006.03.21"]
[Round "5"]
[White "Henrichs Thomas"]
[Black "Halkias Stelios"]
[Result "1/2-1/2"]
[WhiteElo "2434"]
[BlackElo "2528"]
[PlyCount "44"]
[EventDate "2006.??.??"]
[Source "www.chesslib.no"]
[SourceDate "2004.05.04"]

1. d4 Nf6 2. c4 e6 3. Nf3 b6 4. g3 Bb7 5. Bg2 Bb4+ 6. Bd2 Be7 7. Nc3 c6 8. O-O d5 9. Qb3 O-O 10. Rac1 Nbd7 11. Rfd1 Rc8 12. Bg5 h6 13. Bxf6 Nxf6 14. Ne5 Nd7 15. Nxd7 Qxd7 16. Qa4 dxc4 17. Qxc4 Rfd8 18. e3 Qd6 19. a3 Qb8 20. b4 Rd7 21. Qb3 Bf8 22. Na4 Rdc7 1/2-1/2

[Event "Capablanca mem Premier 33rd"]
[Site "Havana"]
[Date "1998.05.13"]
[Round "6"]
[White "Rivera, Alberto"]
[Black "Siegel, Georg"]
[Result "1/2-1/2"]
[WhiteElo "2415"]
[BlackElo "2540"]
[PlyCount "157"]
[EventDate "1998.05.07"]
[Source "ChessBase"]
[SourceDate "1998.08.06"]

1. d4 Nf6 2. c4 e6 3. Nf3 b6 4. g3 Bb7 5. Bg2 Bb4+ 6. Bd2 Be7 7. Nc3 c6 8. Bg5 d5 9. cxd5 cxd5 10. Ne5 Nc6 11. O-O O-O 12. Rc1 Rc8 13. Qa4 Qe8 14. Nxc6 Qxc6 15. Nb5 Qd7 16. Qxa7 Ra8 17. Qxb6 Bd8 18. Nc7 Rb8 19. Qb5 Qxb5 20. Nxb5 Ba6 21. a4 Bxb5 22. axb5 Rxb5 23. Rc2 Ba5 24. Rfc1 h6 25. Bf4 Nd7 26. Bf1 Rb3 27. Bd6 Rd8 28. Be7 Rdb8 29. Rc8+ Kh7 30. Rxb8 Nxb8 31. Rc2 Bb4 32. Bd8 Bd6 33. e3 Nd7 34. Ba5 Kg6 35. Rc6 Bb4 36. Bd8 Be1 37. Be2 Nb8 38. Rb6 Rxb6 39. Bd3+ f5 40. Bxb6 Nd7 41. Bc7 Nf6 42. Kf1 Bb4 43. Ke2 Kf7 44. Bb5 Ke7 45. f3 g5 46. Bb6 Nd7 47. Bc7 h5 48. h3 g4 49. h4 Nf6 50. Be5 Ne8 51. fxg4 fxg4 52. Bd3 Kf7 53. e4 dxe4 54. Bxe4 Nf6 55. Kd3 Be1 56. Bc6 Nd5 57. Bb7 Ke7 58. Ke2 Ba5 59. Ba6 Bb4 60. Bd3 Kf7 61. Be4 Nf6 62. Bb1 Nd5 63. Ba2 Ke7 64. Bc4 Ba5 65. Bd3 Kf7 66. Kd1 Ne3+ 67. Kc1 Be1 68. b3 Nd5 69. Kd1 Ba5 70. Bc4 Ke7 71. Ke2 Kf7 72. Bd6 Bc3 73. Kd3 Be1 74. Bb8 Ne7 75. Ke2 Bc3 76. Be5 Nf5 77. b4 Bxb4 78. d5 exd5 79. Bxd5+ 1/2-1/2

[Event "Yerevan ol (Men)"]
[Site "Yerevan"]
[Date "1996.??.??"]
[Round "8"]
[White "Barus, Cerdas"]
[Black "Votava, Jan"]
[Result "1/2-1/2"]
[WhiteElo "2410"]
[BlackElo "2545"]
[PlyCount "73"]
[EventDate "1996.09.??"]
[Source "www.chesslib.no"]
[SourceDate "2004.05.04"]

1. d4 Nf6 2. c4 e6 3. Nf3 b6 4. g3 Bb7 5. Bg2 Bb4+ 6. Bd2 Be7 7. O-O c6 8. Bc3 O-O 9. Nbd2 d5 10. Re1 Nbd7 11. e4 dxe4 12. Nxe4 c5 13. Ned2 Rc8 14. b3 a6 15. Qe2 cxd4 16. Bxd4 Bc5 17. Bb2 Qe7 18. Rad1 Rfd8 19. h3 Bb4 20. Rf1 Nc5 21. Nb1 Nce4 22. Nfd2 Nxd2 23. Nxd2 Bxg2 24. Kxg2 Qb7+ 25. Kh2 Be7 26. Bxf6 Bxf6 27. Nf3 g6 28. Rxd8+ Rxd8 29. Rd1 Rxd1 30. Qxd1 Kg7 31. Qe2 Qc6 32. h4 h6 33. Kg1 Qd6 34. Kg2 Qa3 35. Ne1 Qc1 36. Nd3 Qc3 37. Kh2 1/2-1/2

[Event "Almada"]
[Site "Almada"]
[Date "1988.??.??"]
[Round "8"]
[White "Lukacs, Peter"]
[Black "Unzicker, Wolfgang"]
[Result "0-1"]
[WhiteElo "2490"]
[BlackElo "2460"]
[PlyCount "82"]
[EventDate "1988.10.??"]
[Source "www.chesslib.no"]
[SourceDate "2004.05.04"]

1. d4 Nf6 2. c4 e6 3. Nf3 b6 4. g3 Bb7 5. Bg2 Bb4+ 6. Bd2 Be7 7. Nc3 d5 8. cxd5 Nxd5 9. O-O O-O 10. Qc2 Nd7 11. Nxd5 Bxd5 12. e4 Bb7 13. Rad1 Nf6 14. Rfe1 Qc8 15. Bc3 c6 16. b4 h6 17. Qb2 Re8 18. Ne5 Qc7 19. a4 Rad8 20. Qb3 c5 21. bxc5 bxc5 22. d5 c4 23. Qb5 a6 24. Qa5 Bd6 25. Nc6 Bxc6 26. dxc6 e5 27. Qxa6 Ra8 28. Qxc4 Rec8 29. f4 Qb6+ 30. Bd4 exd4 31. e5 d3+ 32. Kh1 Ng4 33. h3 Nf2+ 34. Kh2 Nxd1 35. exd6 Ne3 36. Qb5 d2 37. Rb1 Qd8 38. c7 Qxd6 39. Bxa8 Qxc7 40. Bf3 Qc2 41. Kh1 Qxb1+ 0-1

[Event "Budapest"]
[Site "Budapest"]
[Date "1988.??.??"]
[Round "?"]
[White "Barbero, Gerardo F"]
[Black "Zsinka, Laszlo"]
[Result "0-1"]
[WhiteElo "2505"]
[BlackElo "2430"]
[PlyCount "66"]
[EventDate "1988.05.??"]
[Source "ChessBase"]

1. d4 Nf6 2. c4 e6 3. Nf3 b6 4. g3 Bb7 5. Bg2 Bb4+ 6. Bd2 Be7 7. Nc3 O-O 8. O-O d5 9. cxd5 exd5 10. Qc2 Na6 11. Rad1 Qc8 12. Bf4 Rd8 13. Be5 c5 14. Ng5 h6 15. Bh3 Qc6 16. Bxf6 Bxf6 17. Qh7+ Kf8 18. Nf3 Nc7 19. Rd3 Ne6 20. Bxe6 fxe6 21. Ne5 Bxe5 22. dxe5 Rd7 23. Rfd1 d4 24. Rf3+ Rf7 25. Rdd3 dxc3 26. Rxf7+ Kxf7 27. Rf3+ Qxf3 28. exf3 cxb2 29. Kg2 c4 30. g4 Rd8 31. Qc2 Rd3 32. Qxb2 Bxf3+ 33. Kg3 Bd5+ 0-1

[Event "Lone Pine op"]
[Site "Lone Pine"]
[Date "1979.??.??"]
[Round "2"]
[White "Pachman, Ludek"]
[Black "Barle, Janez"]
[Result "1/2-1/2"]
[WhiteElo "2510"]
[BlackElo "2420"]
[PlyCount "59"]
[EventDate "1979.03.??"]
[Source "ChessBase"]

1. d4 Nf6 2. c4 e6 3. Nf3 b6 4. g3 Bb7 5. Bg2 Bb4+ 6. Bd2 Be7 7. O-O O-O 8. Nc3 Na6 9. Ne5 Bxg2 10. Kxg2 Qb8 11. e4 Qb7 12. Qf3 Nb4 13. Bg5 Rfe8 14. Rad1 d6 15. Bxf6 Bxf6 16. Ng4 Be7 17. d5 Na6 18. Nb5 Nc5 19. Nd4 Bf8 20. Rfe1 Nd7 21. b3 g6 22. Nc6 f5 23. exf5 exf5 24. Ne3 Ne5 25. Nxe5 dxe5 26. h4 Qc8 27. h5 Qd8 28. hxg6 hxg6 29. Rh1 Qg5 30. Kf1 1/2-1/2

[Event "Seversk"]
[Site "Seversk"]
[Date "1997.??.??"]
[Round "1"]
[White "Belozerov, Andrei"]
[Black "Balashov, Yuri S"]
[Result "1/2-1/2"]
[WhiteElo "2420"]
[BlackElo "2510"]
[PlyCount "55"]
[EventDate "1997.??.??"]
[Source "www.chesslib.no"]
[SourceDate "2004.05.04"]

1. d4 Nf6 2. c4 e6 3. Nf3 b6 4. g3 Bb7 5. Bg2 Bb4+ 6. Bd2 Be7 7. O-O O-O 8. Nc3 d5 9. Ne5 c6 10. Bf4 Nfd7 11. Qb3 Nxe5 12. Bxe5 Nd7 13. Bf4 Nf6 14. Rfd1 Qd7 15. e4 Rfd8 16. Rac1 Ba6 17. cxd5 cxd5 18. exd5 exd5 19. Bg5 Bc4 20. Qc2 Rac8 21. Qd2 Ne4 22. Nxe4 dxe4 23. Bxe4 Bxa2 24. Rxc8 Rxc8 25. d5 Bb3 26. Re1 Bxg5 27. Qxg5 Re8 28. Re3 1/2-1/2

[Event "Frankfurt"]
[Site "Frankfurt"]
[Date "1990.??.??"]
[Round "?"]
[White "Epishin, Vladimir"]
[Black "Zsinka, Laszlo"]
[Result "1/2-1/2"]
[WhiteElo "2550"]
[BlackElo "2370"]
[PlyCount "54"]
[EventDate "1990.??.??"]
[Source "ChessBase"]

1. d4 Nf6 2. c4 e6 3. Nf3 b6 4. g3 Bb7 5. Bg2 Bb4+ 6. Bd2 Be7 7. Nc3 O-O 8. O-O d5 9. cxd5 exd5 10. Ne5 Na6 11. Bg5 Ne4 12. Bxe7 Qxe7 13. Qa4 Qe8 14. Qc2 Nb4 15. Qb3 c5 16. Rad1 a5 17. Nxe4 dxe4 18. a3 a4 19. Qc3 Nd5 20. Qc4 Nf6 21. Rfe1 Bd5 22. Qc3 Bb3 23. Rc1 cxd4 24. Qxd4 Rd8 25. Qc3 Nd5 26. Qd4 Nf6 27. Qc3 Nd5 1/2-1/2

[Event "BL2-Sued 9900"]
[Site "Germany"]
[Date "2000.03.12"]
[Round "7.2"]
[White "Gruenberg, Hans Ulrich"]
[Black "Siegel, Georg"]
[Result "1/2-1/2"]
[WhiteElo "2446"]
[BlackElo "2467"]
[PlyCount "45"]
[EventDate "1999.10.??"]
[Source "ChessBase"]
[SourceDate "2000.05.11"]

1. d4 Nf6 2. c4 e6 3. Nf3 b6 4. g3 Bb7 5. Bg2 Bb4+ 6. Bd2 Be7 7. Nc3 c6 8. O-O d5 9. Bf4 dxc4 10. Ne5 Nd5 11. Nxc4 Nxf4 12. gxf4 Nd7 13. Rc1 O-O 14. e3 Rb8 15. a3 c5 16. Bxb7 Rxb7 17. Qf3 Qa8 18. d5 exd5 19. Nxd5 Nf6 20. Nxe7+ Rxe7 21. Qxa8 Rxa8 22. Rfd1 Kf8 23. a4 1/2-1/2

[Event "RUS-ch U20"]
[Site "Ekaterinburg"]
[Date "1996.??.??"]
[Round "6"]
[White "Belozerov, Andrei"]
[Black "Lastin, Alexander"]
[Result "1/2-1/2"]
[WhiteElo "2430"]
[BlackElo "2480"]
[PlyCount "96"]
[EventDate "1996.??.??"]
[Source "ChessBase"]

1. d4 Nf6 2. c4 e6 3. Nf3 b6 4. g3 Bb7 5. Bg2 Bb4+ 6. Bd2 Be7 7. Nc3 O-O 8. O-O Na6 9. Rc1 c5 10. d5 exd5 11. Nh4 Nc7 12. Nf5 Re8 13. cxd5 d6 14. e4 Bf8 15. a3 Nd7 16. Bf4 Qf6 17. h4 Ba6 18. Re1 g6 19. Bg5 Qh8 20. Nh6+ Bxh6 21. Bxh6 Ne5 22. Rc2 Re7 23. Bg5 f6 24. Bf4 Rae8 25. Bf1 Bxf1 26. Kxf1 Qg7 27. Rce2 Rf7 28. Kg2 g5 29. Bxe5 fxe5 30. hxg5 Qxg5 31. Rh1 h5 32. Rc2 Rh7 33. Rh4 Rf8 34. b4 Ne8 35. bxc5 bxc5 36. Qd2 Qg6 37. Nd1 Nf6 38. Qd3 Ng4 39. Ne3 Nxe3+ 40. Qxe3 Rhf7 41. Rb2 Rf4 42. Rxf4 exf4 43. Qf3 Rf7 44. Rb8+ Kh7 45. Kh3 fxg3 46. Qxg3 Qxe4 47. Qg8+ Kh6 48. Qxf7 Qg4+ 1/2-1/2

[Event "ARG-ch"]
[Site "Pena City"]
[Date "1996.??.??"]
[Round "8"]
[White "Sorin, Ariel"]
[Black "Pereyra Arcija, Diego"]
[Result "1/2-1/2"]
[WhiteElo "2485"]
[BlackElo "2420"]
[PlyCount "84"]
[EventDate "1996.10.??"]
[Source "ChessBase"]

1. d4 Nf6 2. c4 e6 3. Nf3 b6 4. g3 Bb7 5. Bg2 Bb4+ 6. Bd2 Be7 7. Nc3 O-O 8. O-O Na6 9. Qa4 c5 10. d5 Nc7 11. e4 b5 12. Qc2 exd5 13. cxd5 d6 14. Nh4 b4 15. Ne2 Ba6 16. Rfe1 Re8 17. Nf5 Bf8 18. Bg5 g6 19. Nh6+ Bxh6 20. Bxh6 Ng4 21. Bf4 g5 22. Bc1 Qf6 23. f3 Ne5 24. Rf1 Nd3 25. Rd1 Nxc1 26. Raxc1 Rab8 27. Rd2 b3 28. Qc3 Qxc3 29. Nxc3 bxa2 30. Nxa2 Nb5 31. Ra1 Nd4 32. Nc1 Bc4 33. Rxa7 Ra8 34. Ra3 Rxa3 35. bxa3 Ra8 36. Nd3 Rxa3 37. Ne1 Ra1 38. Kf2 Rc1 39. f4 gxf4 40. gxf4 f6 41. Nf3 Nxf3 42. Bxf3 Rf1+ 1/2-1/2